Every Fortnite Named Location (Up to C6 S4) - Statistics

General Stats
  • This quiz has been taken 4,789 times
    765 since last reset
  • The average score is 52 of 194
Answer Stats
Answer % Correct
Tilted Towers
88%
Tilted Town
88%
Neo Tilted
87%
Pleasant Park
79%
Salty Springs
74%
Retail Row
71%
Loot Lake
68%
Dusty Depot
64%
Greasy Grove
63%
Wailing Woods
63%
Dusty Divot
62%
Junk Junction
62%
Paradise Palms
62%
Tomato Town
62%
Anarchy Acres
61%
Lucky Landing
61%
Risky Reels
61%
Moisty Mire
60%
Haunted Hills
59%
Fatal Fields
58%
Flush Factory
56%
Lonely Lodge
56%
Snobby Shores
56%
Shifty Shafts
55%
MEGA City
53%
The Agency
53%
Lazy Links
50%
Polar Peak
47%
Spaghetti Grotto
46%
The Grotto
45%
The Shark
45%
Gotham City
44%
Lazy Lagoon
44%
Lazy Lake
44%
Happy Hamlet
43%
Weeping Woods
43%
Sandy Steppes
42%
Slurpy Swamp
42%
The Yacht
42%
Mega Mall
41%
Snooty Steppes
41%
Tomato Temple
41%
Frosty Flights
40%
The Rig
40%
Misty Meadows
38%
Salty Towers
38%
Stark Industries
38%
Steamy Stacks
37%
Doom's Domain
36%
Leaky Lake
36%
Sunny Steps
36%
Castle Doom
35%
Doom's Courtyard
35%
Doomstadt
35%
The Block
35%
Frenzy Farm
34%
Holly Hedges
34%
Dirty Docks
32%
The Daily Bugle
32%
Crime City
31%
Seaport City
31%
Sweaty Sands
31%
Utopia City
31%
Catty Corner
30%
Pressure Plant
30%
Coral Castle
29%
Craggy Cliffs
29%
Frenzy Fields
29%
Rickety Rig
29%
Dystopia City
28%
Moisty Palms
28%
Ice Isle
27%
The Authority
27%
Redline Rig
26%
Slappy Shores
26%
Tainted Towers
26%
The Fortilla
26%
Shiny Shafts
25%
Starry Suburbs
25%
The Doggpound
23%
Demon's Domain
22%
Fencing Fields
22%
Ranger's Ruin
22%
Rocky Reels
22%
Restored Reels
21%
Ruined Reels
21%
The Spire
21%
Demon's Dojo
20%
Freaky Fields
20%
Lavish Lair
20%
The Citadel
20%
The Underworld
19%
Condo Canyon
18%
First Order Base
18%
Grim Gate
18%
Lost Lake
18%
Mount Olympus
18%
Stealthy Stronghold
18%
Anvil Square
17%
Believer Beach
17%
Boney Burbs
17%
Brutal Bastion
17%
Hunter's Haven
17%
Kappa Kappa Factory
17%
Nitrodrome
17%
O.X.R. HQ
17%
Resistance Base
17%
Shogun's Solitude
17%
Sludgy Swamp
17%
Supernova Academy
17%
The Raft
17%
Vader Samurai's Solitude
17%
Colossal Coliseum
16%
Reckless Railways
16%
Sanctuary
16%
The Pyramid
16%
Brawler's Battleground
15%
Coney Crossroads
15%
Grand Glacier
15%
Logjam Lumberyard
15%
Lonewolf Lair
15%
Masked Meadows
15%
Nightshift Forest
15%
Pumped Power
15%
Rave Cave
15%
The Hive
15%
The Joneses
15%
The Ruins
15%
Breakwater Bay
14%
Burd
14%
Camp Cuddle
14%
Canyon Crossing
14%
Chonker's Speedway
14%
Colossal Crops
14%
Flooded Frogs
14%
Foxy Floodgate
14%
Lustrous Lagoon
14%
Outpost Enclave
14%
Pleasant Piazza
14%
Reality Tree
14%
Sleepy Sound
14%
Steamy Springs
14%
Brawler's Patch
13%
Chromejam Junction
13%
Kenjutsu Crossing
13%
Logjam Junction
13%
Lonely Labs
13%
Outlaw Oasis
13%
Ritzy Riviera
13%
Shattered Slabs
13%
Shining Span
13%
Classy Courts
12%
Corny Complex
12%
Corny Crops
12%
Covert Cavern
12%
Eclipsed Estate
12%
Faulty Splits
12%
Holly Hatchery
12%
Rebel's Roost
12%
The Convergence
12%
Whiffy Wharf
12%
Brutal Beachhead
11%
Brutal Boxcars
11%
Command Cavern
11%
Hazy Hillside
11%
Hopeful Heights
11%
Knotty Nets
11%
Reality Falls
11%
Rumble Ruins
11%
Sanguine Suites
11%
Chrome Crossroads
10%
Fort Jonesy
10%
Magic Mosses
10%
Relentless Retreat
10%
Shipwreck Shallows
10%
The Fortress
10%
Creeky Compound
9%
Shady Stilts
9%
Shattered Span
9%
The Collider
9%
Twinkle Terrace
9%
Warrior's Watch
9%
Cloudy Condos
8%
Demon's Debris
8%
Herald's Sanctum
8%
Shiny Sound
8%
Swarmy Stash
8%
Synapse Station
8%
Flutter Barn
7%
Logjam Lotus
7%
Shimmering Shrine
7%
Shuffled Shrines
7%
Grim Gables
6%
No matching quizzes found
Score Distribution
Percent of People with Each Score
Percentile by Number Answered
Your Score History
You have not taken this quiz since the last reset